Normal view
MARC view
- QUANTITATIVE ANALYSIS FOR MANAGEMENT
Entry Topical Term
001 - CONTROL NUMBER
- control field: 65889
003 - CONTROL NUMBER IDENTIFIER
- control field: NUST
005 - DATE AND TIME OF LATEST TRANSACTION
- control field: 20210628203515.0
008 - FIXED-LENGTH DATA ELEMENTS
- fixed length control field: 210628|| aca||aabn | a|a d
040 ## - CATALOGING SOURCE
- Original cataloging agency: NUST
- Transcribing agency: NUST
150 ## - HEADING--TOPICAL TERM
- Topical term or geographic name entry element: QUANTITATIVE ANALYSIS FOR MANAGEMENT
670 ## - SOURCE DATA FOUND
- Source citation: Work cat.: (NUST): Render, Barry:Stair, Palph.M 65888, Quantitative analysis for management, 2002
